| 000 | 00378nam a2200157Ia 4500 | ||
|---|---|---|---|
| 008 | 230917s9999||||xx |||||||||||||| ||und|| | ||
| 040 |
_e141799 _aMAIN |
||
| 041 | _aEnglish | ||
| 082 | _a342 S81A | ||
| 100 | _aSathe, S. P. | ||
| 245 | 0 | _aAdministrative law | |
| 250 | _a7th ed. | ||
| 260 |
_aNew Delhi _bButterworth India _c1999 |
||
| 300 | _alviii, 725p. p. | ||
| 942 | _cBK | ||
| 999 |
_c137314 _d137314 |
||